| 000 | 00646nam a2200217 a 4500 | ||
|---|---|---|---|
| 005 | 20220524063647.0 | ||
| 008 | 991125s1994 mx 000 0 spa u | ||
| 020 | _a9700900770 | ||
| 035 | _aUPN01000050565 | ||
| 049 | _aLT | ||
| 050 | 4 |
_aLB1645 M6.1 _bV5.7 |
|
| 100 | 1 | _aVillegas Rodríguez, Mauricio | |
| 245 | 1 | 0 |
_aRazonar 1 : _bmatemáticas / _cMauricio Villegas Rodríguez |
| 260 |
_aMéxico : _bNorma, _c1994 |
||
| 300 |
_a314 p. : _bil., col. |
||
| 440 | 0 | _aRazonar; 1 | |
| 500 | _a"Conforme a los nuevos programas, 1994" | ||
| 650 | 4 |
_aMatemáticas _xEstudio y enseñanza (Secundaria) _94860 |
|
| 904 |
_aAC _b050567 |
||
| 905 | _aLibro | ||
| 999 |
_c50565 _d50565 |
||